| 000 | 00558nam a22001697a 4500 | ||
|---|---|---|---|
| 999 |
_c8549 _d8549 |
||
| 008 | 201202b ||||| |||| 00| 0 eng d | ||
| 040 | _aBMS College of Architecture | ||
| 100 | _aS, Nidhishree | ||
| 245 | _aRipple - centre for acrobatic arts and circus arts, Bangalore | ||
| 300 | _a50p. | ||
| 500 | _a1BM13AT048 | ||
| 502 |
_8B,Arch _NBMS College of Architecture, Visvesvaraya Technological University (VTU) _aProject report _d2017 |
||
| 650 | _aArt Center | ||
| 700 |
_aShanthesh R Kelvekar _eGuide |
||
| 700 |
_aKoshy P Koshy _eGuide |
||
| 942 |
_2ddc _cTHE |
||